Markets and myths : forces for change in the European media
Αποθηκεύτηκε σε:
| Άλλοι συγγραφείς: | , |
|---|---|
| Μορφή: | Βιβλίο |
| Γλώσσα: | English |
| Δημοσίευση: |
London :
Longman,
c1996
|
| Θέματα: | |
| Ετικέτες: |
Προσθήκη ετικέτας
Δεν υπάρχουν, Καταχωρήστε ετικέτα πρώτοι!
|
MARC
| LEADER | 00000nam a2200000 i 4500 | ||
|---|---|---|---|
| 001 | 1/70062 | ||
| 008 | 990223s1996 eng d | ||
| 020 | |a 0-582-27565-2 | ||
| 035 | |l 10048002 | ||
| 040 | |a GR-MY-UA |b gre |e aacr | ||
| 041 | 0 | |a eng | |
| 082 | 0 | |a 302.23094 | |
| 245 | 1 | 0 | |a Markets and myths : |b forces for change in the European media / |c edited by Tony Weymouth and Bernard Lamizet |
| 260 | |a London : |b Longman, |c c1996 | ||
| 300 | |a 255 p. | ||
| 500 | |a Discusses media in Britain, France, Germany, Italy, and Spain | ||
| 504 | |a Includes bibliographical references and index | ||
| 650 | 0 | 0 | |a Mass media |z Europe, Western |x History |y 20th century. |
| 700 | 1 | |a Weymouth, Tony |d 1938- |4 edt | |
| 700 | 1 | |a Lamizet, Bernard. |4 edt | |
| 852 | |a INST |b LESVOS |e 19990223 |h 302.23094 MAR |p 005100016720 |q 005100016720 |t BK |y 0 | ||
| 901 | |a BIBL-1999-1 | ||
| 909 | |a Λ |b 061332 | ||
| 922 | |a 1ΕΛΗ |b 199811 |c ΚΠΣ/ΤΚ |d ΠΑΠΑΣΩΤΗΡΙΟΥ | ||
| 950 | |a 103-1998-07-27 | ||